Catálogo
 En Linea

Conferencia internacional de las américas - 2011-. (Registro nro. 26114)

Detalles MARC
000 -CABECERA
campo de control de longitud fija 00544nam a2200145 a 4500
001 - NÚMERO DE CONTROL
campo de control 000026622
005 - FECHA Y HORA DE LA ÚLTIMA TRANSACCIÓN
campo de control 20200930030323.0
008 - DATOS DE LONGITUD FIJA--INFORMACIÓN GENERAL
campo de control de longitud fija 110324s2012 dr a 000 spa d
040 ## - FUENTE DE LA CATALOGACIÓN
Centro catalogador/agencia de origen DO-SdBNP
Lengua de catalogación spa
Centro/agencia transcriptor BNPHU
111 #2 - ENTRADA PRINCIPAL--NOMBRE DE CONGRESO/REUNIÓN
Nombre de congreso/reunión o jurisdicción como elemento de entrada Conferencia Internacional de las Américas
Número del congreso/reunión o número de parte o sección (26 al 30 de octubre
Fecha del congreso/reunión 2011
Sede del congreso/Lugar de la reunión Punta Cana, República Dominicana
9 (RLIN) 53726
245 #0 - MENCIÓN DE TÍTULO
Título Conferencia internacional de las américas - 2011-.
260 ## - PUBLICACIÓN, DISTRIBUCIÓN, ETC.
Lugar de publicación, distribución, etc. Punta Cana, República Dominicana :
Nombre del editor, distribuidor, etc. FUNGLODE,
Fecha de publicación, distribución, etc. [2012].
300 ## - DESCRIPCIÓN FÍSICA
Extensión 71 p. :
Otras características físicas il. ;
Dimensiones 29 cm.
590 ## - NOTA LOCAL (RLIN)
Nota local Inventariado, 2020 / DG
Existencias
Estado de retiro Estado de pérdida No para préstamo Código de colección Localización permanente Ubicación/localización actual Ubicación en estantería Fecha de adquisición Número de inventario Total de préstamos Signatura topográfica completa Código de barras Fecha visto por última vez Precio válido a partir de Tipo de ítem Koha
    Excluido de préstamo Patrimonio Dominicano Patrimonio Dominicano Patrimonio Dominicano Depósito 24.03.2011 LF1   26622-10 25.06.2020 25.06.2020 Libro y Folleto Colección Patrimonio Dominicano

Con tecnología Koha